000 00967nam a2200277 a 4500
001 000005684
005 20200929151739.0
008 090821s2009 dr 000 0 spa d
020 _z9789945460186
040 _aDO-SdBNP
_bspa
_cBNPHU
082 _a133
_bG324i
100 1 _aGenao, P. Julio
_916061
245 1 0 _aIglesia, supersticiones e influencias satánicas :
_bayudas pastorales /
_cJulio Genao, Nerys B. Paulino de Bonilla ; presentación Juan Antonio Flores Santana.
260 _aSanto Domingo :
_bSantuario,
_c2009.
300 _a140 p. ;
_c22 cm.
490 1 _aFormación católica
590 _aInventariado, 2018/LP
650 4 _aSuperstición
_916062
650 4 _aBrujería
_910917
650 4 _aEncantamientos
_916063
650 4 _aSantería
_916064
700 1 _aPaulino de Bonilla, Nerys B.
_916065
700 1 _aFlores Santana, Juan Antonio
_916066
830 0 _aFormación Católica
_916067
910 _aValidado. Control de calidad. MMOLINA
999 _c5481
_d5481